000 01246nam0a22002531 4500
001 rc\2775078
005 20250806204703.0
035 _a(NLR Aleph) 006901380
090 _a29808
_c29808
100 _a20110915d1941 u y0rusy50 ca
101 0 _arus
102 _aRU
105 _aa z |||||
200 1 _aПервая Всесоюзная конференция по организации производства в массовых и крупно-серийных литейных цехах. [11-15-е марта 1941 г.]
_e[Программа работ и тезисы докладов]
_fВсес. науч. инж.-тех. о-во литейщиков "ВНИТОЛ", Харьк. отд-ние
210 _aХарьков
_cБ. и.
_d1941
215 _a100 с., 1 вкл. л. схем.
_d21 см.
710 1 2 _aВсесоюзная конференция по организации производства в массовых и крупно-серийных литейных цехах
_d1
_f1941
_eХарьков
801 0 _aRU
_bNLR
_gpsbo
801 1 _aRU
_bELAR
_2rusmarc
852 _aNLR
_jТ36 Г-3/4
942 _cBOOK
945 _aРоссийская национальная библиотека
980 _aNB
980 _aBV